NAZARIN (Record n. 104623)

Dettagli MARC
000 -LEADER
fixed length control field 02400agaaa2200349 4500
001 - CONTROL NUMBER
control field 4781
003 - CONTROL NUMBER IDENTIFIER
control field IT-RoPAU
005 - DATE AND TIME OF LATEST TRANSACTION
control field 20220918181223.0
007 - PHYSICAL DESCRIPTION FIXED FIELD--GENERAL INFORMATION
fixed length control field d cvaizq
008 - FIXED-LENGTH DATA ELEMENTS--GENERAL INFORMATION
fixed length control field 50131s9999||||xx ||| | || ||und||
040 ## - CATALOGING SOURCE
Original cataloging agency IT-RoPAU
Transcribing agency IT-RoPAU
041 ## - LANGUAGE CODE
Language code of text/sound track or separate title ITALIANO
100 ## - MAIN ENTRY--PERSONAL NAME
Personal name Bunuel Luis
Miscellaneous information Codice regista SPICS: 8694
9 (RLIN) 36748
130 ## - MAIN ENTRY--UNIFORM TITLE
Uniform title NAZARIN
9 (RLIN) 36749
240 ## - UNIFORM TITLE
Uniform title NAZARIN
Miscellaneous information T1228
245 ## - TITLE STATEMENT
Title NAZARIN
Statement of responsibility, etc. Prodotto da: Amerigo Federico -- Sceneggiatura: Alejandro Julio Bunuel Luis Carballido Emilio -- Diretto da: Bunuel Luis
Name of part/section of a work NAZARIN (Rif. Codice opera principale : H4781)
246 ## - VARYING FORM OF TITLE
Title proper/short title NAZARIN
250 ## - EDITION STATEMENT
Edition statement Edizione Standard
260 ## - PUBLICATION, DISTRIBUTION, ETC. (IMPRINT)
Place of publication, distribution, etc. MESSICO (MESSICO)
Name of publisher, distributor, etc. BARBACHANOPONCE / Distribuzione: MULTIMEDIA SAN PAOLO
Date of manufacture "1959 (1° ed.: 2004 ; Ed. Lingua Orig.: 1959)"
300 ## - PHYSICAL DESCRIPTION
Extent DVD
Other physical details sonoro, col.
Dimensions 90 minuti
508 ## - CREATION/PRODUCTION CREDITS NOTE
Creation/production credits note "Fotografia: Figueroa Grabriel; Montaggio: Savage Carlos; Musica: Alffter Rodolfo; Sceneggiatura: Alejandro Julio Bunuel Luis Carballido Emilio; Scenografia: Fitzgerald Edward; Soggetto: Bunuel Luis -- Perez Galdos Benito"
511 ## - PARTICIPANT OR PERFORMER NOTE
Participant or performer note "Rabal Francisco; Lopez Marga; Macedo Rita; Fernandez Jesus; Lopez; Tarso Ignacio; Cast"
520 ## - SUMMARY, ETC.
Summary, etc. "NAZARIN E' UN PRETE CHE VIVE LA SUA MISSIONE CON UMILTA' TRA I POVERI. A MODO SUO E' UN PROFETA, UN IDEALISTA CHE CERCA DI REALIZZARE IN TERRA L'IDEALE DI BONTA' E DI CARITA' DI CRISTO. SI UNISCONO A LUI, ATTRATTE DAL SUO CARISMA, DUE DONNE CHE LO SEGUONO NELLA PEREGRINAZIONE: ANDARA, UNA PROSTITUTA E BEATRIZ, UNA DONNA ""SCHIAVA D'AMORE"". MA ""IL MONDO"", CIOE' IL POTERE CIVILE COME QUELLO ECCLESIASTICO, NON CAPISCE NAZARIN, CHE VIENE CONDANNATO EFINISCE IN CARCERE. QUI NAZARIN SOPPORTA UMILIAZIONI, BOTTE E CALUNNIE; QUINDI VIENE LASCIATO SOLO.EXTRA: BIOGRAFIE E FILMOGRAFIA ESSENZIALE DEL REGISTA E DEGLI ATTORI PRINCIPALI; SCHEDA CRITICA DI FERNALDO DI GIAMMATTEO; TRAILER.SULLO STESSO DVD ANCHE IL LUNGOMETRAGGIO ""SIMON DEL DESERTO""."
538 ## - SYSTEM DETAILS NOTE
System details note PAL, STEREO
546 ## - LANGUAGE NOTE
Language note ITALIANO
650 ## - SUBJECT ADDED ENTRY--TOPICAL TERM
Topical term or geographic name as entry element DRAMMATICO
Relator term DVD-FILM [DVD]
General subdivision Codice MATERIA SPICS: 9947
9 (RLIN) 36750
700 ## - ADDED ENTRY--PERSONAL NAME
Personal name Alffter Rodolfo
Relator term (musica)
Miscellaneous information Codice Musica SPICS: 57812
9 (RLIN) 36751
700 ## - ADDED ENTRY--PERSONAL NAME
Personal name Bunuel Luis
Relator term (regista)
Miscellaneous information Codice regista SPICS: 8694
9 (RLIN) 36752
700 ## - ADDED ENTRY--PERSONAL NAME
Personal name Bunuel Luis
Relator term (soggetto)
Miscellaneous information Codice Soggetto SPICS: 8694
9 (RLIN) 36753
700 ## - ADDED ENTRY--PERSONAL NAME
Personal name Perez Galdos Benito
Relator term (soggetto)
Miscellaneous information Codice Soggetto 2° SPICS: 57811
9 (RLIN) 36754
942 ## - ADDED ENTRY ELEMENTS (KOHA)
Koha item type DVD
Source of classification or shelving scheme Dewey Decimal Classification
Dati di copia
Withdrawn status Lost status Damaged status Not for loan Home library Current library Date acquired Total Checkouts Full call number Date last seen Price effective from Koha item type Public note
    Buone Condizioni Not For Loan SPICS-MEDIATECA SPICS-MEDIATECA 31/01/2015   H4781 31/01/2015 31/01/2015 DVD Progr. Ins.: 3144 / N.Vol.:1 / Copie: 1 / Pag.:0 / Copia rara: n.d. / date import: 1.2.2015 / By Epidotti, Trombetti, Vaglietti
CREDITS: SOCIETA' SAN PAOLO Via A.Severo, 58 - ROMA (RM) & PERIODICI SAN PAOLO SRL Via Giotto, 36 MILANO & CISF Via Giotto, 36 MILANO & EDIZIONI SAN PAOLO SRL,  Piazza Soncino, 5 CINISELLO BALSAMO (MI) -- ITALY